Radioelektronika, elektrotechnika i energetika : 20. meždunarodnaja naučno-techničeskaja konferencija studentov i aspirantov, 27 - 28. 02. 2014, Moskva

Saved in:
Bibliographic Details
Format: Book
Published: Moskva : Moskovskij energetičeskij institut, 2014
Tags: Add Tag
No Tags, Be the first to tag this record!

MARC

LEADER 00000nam a22000003a 4500
001 stu285904
005 20150408183139.0
008 140311s2014----ru----------------------d
040 |a STU  |b slo 
041 0
044 |a ru 
245 |a Radioelektronika, elektrotechnika i energetika :  |b 20. meždunarodnaja naučno-techničeskaja konferencija studentov i aspirantov, 27 - 28. 02. 2014, Moskva 
260 |a Moskva :  |b Moskovskij energetičeskij institut,  |c 2014 
300 |a 1 CD-ROM 
996 |b 284M084327  |c M*CD-2391  |l MMKN  |s A  |a 24  |w stu285904_0001